000 00464nam a2200169 4500
001 110088
003 ES-MaACL
005 20230906184956.0
007 t|
008 061121s1930 fr r ||||1| fre d
100 1 _aOcagne, Maurice D'.
_9216570
245 1 0 _aHommes et choses de science
_b: propos familiers /
_cMaurice Ocagne d'.
260 _aParĂ­s :
_bVuibert,
_c1930.
300 _a302 p. ;
_c19 cm.
852 _aES-MaACL
_jF-13774
999 _c110088
_d110088